Chinese Trade in Services

Čína sa stala jedným z kľúčových hráčov vo svetovej ekonomike počas dvoch desaťročí 21. storočia s 18,4 % podielom na svetovom HDP v roku 2022 a tiež jedným z kľúčových hráčov v medzinárodnom obchode so službami, ktorý sa umiestnil na treťom mieste v exporte a na druhom mieste v importe služieb. Cie...

Description complète

Enregistré dans:
Détails bibliographiques
Auteur principal: Grešš, Martin, 1978-
Format: Chapitre de livre
Langue:anglais
Sujets:
Tags: Ajouter un tag
Pas de tags, Soyez le premier à ajouter un tag!

MARC

LEADER 00000naa$a2200000$$$4500
001 0298582
005 20240502074527.7
041 0 |a eng 
044 |a SK 
245 1 0 |a Chinese Trade in Services  |c Martin Grešš 
520 |a Čína sa stala jedným z kľúčových hráčov vo svetovej ekonomike počas dvoch desaťročí 21. storočia s 18,4 % podielom na svetovom HDP v roku 2022 a tiež jedným z kľúčových hráčov v medzinárodnom obchode so službami, ktorý sa umiestnil na treťom mieste v exporte a na druhom mieste v importe služieb. Cieľom tohto príspevku je zhodnotiť vývoj čínskeho obchodu so službami a načrtnúť možný budúci vývoj. Okrem toho identifikuje aj možné zmeny v čínskom sektore služieb, ku ktorým došlo počas 21. storočia. Dospeli sme k záveru, že Čína bude do konca tohto desaťročia hrať ešte dôležitejšiu úlohu v medzinárodnom obchode so službami. 
610 2 0 |a obchod 
610 2 0 |a služby 
610 2 0 |a dovoz 
610 2 0 |a vývoz 
610 2 0 |a Čína 
100 1 |a Grešš, Martin, 1978-